Carta a un niño que nunca nació
Gardado en:
| Autor Principal: | |
|---|---|
| Formato: | Libro |
| Idioma: | Lingua castelá |
| Publicado: |
Barcelona
Noguer
1984
|
| Edición: | 34a. ed |
| Series: | Colección Galería Literaria Contemporánea
|
| Subjects: | |
| Tags: |
Engadir etiqueta
Sen Etiquetas, Sexa o primeiro en etiquetar este rexistro!
|
MARC
| LEADER | 00000nam a2200000 a 4500 | ||
|---|---|---|---|
| 001 | UCL4439 | ||
| 003 | CL-VaPUC | ||
| 008 | 040116e19840700SP |||||||||||||||||spa|d | ||
| 020 | |a 8427911521 | ||
| 082 | 0 | 4 | |a 853 |b FAL |2 21 |
| 100 | 0 | |a Fallaci, Oriana |e author |9 481966 | |
| 245 | 1 | 0 | |a Carta a un niño que nunca nació |
| 250 | |a 34a. ed | ||
| 300 | |a 123 p | ||
| 942 | |c BK | ||
| 945 | |d 20040116 00:00:00 |a vberengu | ||
| 260 | |a Barcelona |b Noguer |c 1984 | ||
| 650 | 0 | |a Literatura italiana |9 266970 | |
| 650 | 0 | |a Novela italiana |9 265740 | |
| 650 | 0 | |a Formas y géneros literarios |9 324031 | |
| 583 | |a last modification |c 20040116 00:00:00 |k Rodrigo Vera | ||
| 490 | 0 | |a Colección Galería Literaria Contemporánea | |
| 999 | |c 307269 |d 307267 | ||
| 952 | |0 0 |1 0 |4 0 |6 853_000000000000000_FAL_1984 |7 0 |8 A |9 373043 |a BIBTEO |b BIBTEO |d 2019-11-21 |i 2101653 |o 853 FAL 1984 |p 2101653 |r 2025-01-17 |w 2019-11-21 |y BK |k ICR | ||
| 952 | |0 0 |1 0 |4 0 |6 853_000000000000000_FAL_1984 |7 0 |8 A |9 373044 |a BIBTEO |b BIBTEO |d 2019-11-21 |i 2101661 |o 853 FAL 1984 |p 2101661 |r 2025-01-17 |w 2019-11-21 |y BK |k ICR | ||
| 952 | |0 0 |1 0 |4 0 |6 853_000000000000000_FAL_1984 |7 0 |8 A |9 373045 |a BIBTEO |b BIBTEO |d 2019-11-21 |i 210167K |o 853 FAL 1984 |p 210167K |r 2025-01-17 |w 2019-11-21 |y BK |k ICR | ||